00450nam a2200181Ia 450000500170000000800410001702000150005808200200007310000220009324500390011526000350015430000120018965000100020165000190021165000130023065000120024365000130025520250217060103.0240331s9999 xx 000 0 und d a014040029X bWOL2319a305.4 aWollstonecraft, M 0aVindication of the Rights of Woman aMiddlesexbPelican Booksc1975 a319 p., aWomen aWomen's Rights aMorality aSociety aEconomic